000 00922nam a22002417a 4500
005 20240530110355.0
008 150106s2009 ua d f b 000 0 ara d
017 _a2009/16055
_bمصر . دار الكتب المصرية
020 _a978977383177
040 _aEG-CaGPL
041 0 _aara
082 0 4 _221
_a541.3\
_bم د
100 0 _aمصطفى محمد بامطرف
245 1 2 _aالديناميكا فى الكيمياء =
_bDynamics in chemistry /
_cتاليف مصطفى محمد بامطرف
250 _aط1
260 _aالقاهرة :
_bايتراك للطباعة و النشر و التوزيع ،
_c2009
300 _a432 ص :
_bايض ؛
_c24 سم
504 _aيشتمل على ارجاعات ببليوجرافية
650 0 4 _aالكيمياء الفيزيائية
650 0 4 _aالديناميكا الحرارية
942 _2ddc
_cBK
999 _c60157
_d60157